<?xml version="1.0" encoding="UTF-8"?><?xml-stylesheet type="text/xsl" href="static/style.xsl"?><OAI-PMH xmlns="http://www.openarchives.org/OAI/2.0/" xmlns:xsi="http://www.w3.org/2001/XMLSchema-instance" xsi:schemaLocation="http://www.openarchives.org/OAI/2.0/ http://www.openarchives.org/OAI/2.0/OAI-PMH.xsd"><responseDate>2026-06-01T22:05:25Z</responseDate><request verb="GetRecord" identifier="oai:riuma.uma.es:10630/38599" metadataPrefix="marc">https://riuma.uma.es/rest/oai/request</request><GetRecord><record><header><identifier>oai:riuma.uma.es:10630/38599</identifier><datestamp>2026-04-08T10:12:51Z</datestamp><setSpec>com_10630_2254</setSpec><setSpec>col_10630_37953</setSpec></header><metadata><record xmlns="http://www.loc.gov/MARC21/slim" xmlns:dcterms="http://purl.org/dc/terms/" xmlns:doc="http://www.lyncode.com/xoai" xmlns:xsi="http://www.w3.org/2001/XMLSchema-instance" xsi:schemaLocation="http://www.loc.gov/MARC21/slim http://www.loc.gov/standards/marcxml/schema/MARC21slim.xsd">
   <leader>00925njm 22002777a 4500</leader>
   <datafield ind2=" " ind1=" " tag="042">
      <subfield code="a">dc</subfield>
   </datafield>
   <datafield ind2=" " ind1=" " tag="720">
      <subfield code="a">Mauerer, Ingrid Doris</subfield>
      <subfield code="e">author</subfield>
   </datafield>
   <datafield ind2=" " ind1=" " tag="720">
      <subfield code="a">Puy-Segura, María Socorro</subfield>
      <subfield code="e">author</subfield>
   </datafield>
   <datafield ind2=" " ind1=" " tag="720">
      <subfield code="a">Urzay-Gómez, Sergi</subfield>
      <subfield code="e">author</subfield>
   </datafield>
   <datafield ind2=" " ind1=" " tag="260">
      <subfield code="c">2025-05-05</subfield>
   </datafield>
   <datafield ind2=" " ind1=" " tag="520">
      <subfield code="a">We present and empirically test a model that explains how European citizens form their preferences for integration, which is crucial for understanding the public support for EU advancement. The model incorporates varying levels of information and awareness of how EU legislation impacts national politics as well as economic considerations. The empirical results indicate that European citizens tend to be aware of the interplay between EU laws and national legislation. We reach this conclusion by showing that further EU integration is supported by citizens who believe EU legislation amends their national policies. By contrast, Euroscepticism emerges among citizens who perceive the EU as interfering in their domestic politics. Our theory and empirical evidence suggest that citizens see EU legislation as correcting or undermining national politics, contrasting with other theories that directly link support for integration and Euroscepticism to left- and right-wing ideological orientations.</subfield>
   </datafield>
   <datafield ind1="8" ind2=" " tag="024">
      <subfield code="a">Ingrid Mauerer, M. Socorro Puy, Sergi Urzay-Gómez, Explaining preferences for EU integration: Theory and empirical evidence, European Economic Review, Volume 176, 2025, 105038, ISSN 0014-2921, https://doi.org/10.1016/j.euroecorev.2025.105038.</subfield>
   </datafield>
   <datafield ind1="8" ind2=" " tag="024">
      <subfield code="a">https://hdl.handle.net/10630/38599</subfield>
   </datafield>
   <datafield ind1="8" ind2=" " tag="024">
      <subfield code="a">10.1016/j.euroecorev.2025.105038</subfield>
   </datafield>
   <datafield tag="653" ind2=" " ind1=" ">
      <subfield code="a">Derecho comunitario</subfield>
   </datafield>
   <datafield tag="653" ind2=" " ind1=" ">
      <subfield code="a">Países de la Unión Europea</subfield>
   </datafield>
   <datafield tag="653" ind2=" " ind1=" ">
      <subfield code="a">Política económica</subfield>
   </datafield>
   <datafield tag="653" ind2=" " ind1=" ">
      <subfield code="a">Integración económica</subfield>
   </datafield>
   <datafield ind2="0" ind1="0" tag="245">
      <subfield code="a">Explaining preferences for EU integration: Theory and empirical evidence</subfield>
   </datafield>
</record>
</metadata></record></GetRecord></OAI-PMH>